Online katalóg knižníc regiónu Turca

Farma a život na vidieku (Record no. 21477)

MARC details
000 -LEADER
fixed length control field 01623cam a2200517 a 4500
001 - CONTROL NUMBER
control field 21477
003 - CONTROL NUMBER IDENTIFIER
control field VRT
005 - DATE AND TIME OF LATEST TRANSACTION
control field 20260302134414.0
008 - FIXED-LENGTH DATA ELEMENTS--GENERAL INFORMATION
fixed length control field 180730s xo a b 000 j slo
015 ## - NATIONAL BIBLIOGRAPHY NUMBER
National bibliography number SNBA2010/03-06624
020 ## - INTERNATIONAL STANDARD BOOK NUMBER
International Standard Book Number 9788089251544
Qualifying information (viaz.)
039 #9 - LEVEL OF BIBLIOGRAPHIC CONTROL AND CODING DETAIL [OBSOLETE]
Level of rules in bibliographic description 201807301135
Level of effort used to assign nonsubject heading access points VLOAD
Level of effort used to assign subject headings 201512180916
Level of effort used to assign classification mvkhe01
Level of effort used to assign subject headings 201506020935
Level of effort used to assign classification mkpoh04
Level of effort used to assign subject headings 201112131504
Level of effort used to assign classification mtotk10
040 ## - CATALOGING SOURCE
Original cataloging agency SLLK
Language of cataloging slo
Transcribing agency SLLK
Modifying agency SNK
Description conventions AACR2
041 1# - LANGUAGE CODE
Language code of text/sound track or separate title slo
Language code of original spa
044 ## - COUNTRY OF PUBLISHING/PRODUCING ENTITY CODE
MARC country code xo
ISO country code SK
072 #7 - SUBJECT CATEGORY CODE
Subject category code 821-93
Subject category code subdivision Literatúra pre deti a mládež
Source konspekt
080 ## - UNIVERSAL DECIMAL CLASSIFICATION NUMBER
Universal Decimal Classification number 636.115.1
Edition identifier 2001
080 ## - UNIVERSAL DECIMAL CLASSIFICATION NUMBER
Universal Decimal Classification number 636.1/.9
Edition identifier 2001
080 ## - UNIVERSAL DECIMAL CLASSIFICATION NUMBER
Universal Decimal Classification number 821-93
Edition identifier 2001
245 00 - TITLE STATEMENT
Title Farma a život na vidieku
Statement of responsibility, etc. [ilustrácie Francisco Arredondo; preložila Katarína Zubácka]
250 ## - EDITION STATEMENT
Edition statement [1. slov. vyd.]
260 ## - PUBLICATION, DISTRIBUTION, ETC.
Place of publication, distribution, etc. Bratislava
Name of publisher, distributor, etc. Viktoria Print
Date of publication, distribution, etc. [2009]
300 ## - PHYSICAL DESCRIPTION
Extent 173 s.
Other physical details fareb. ilustr.
Dimensions 30 cm
500 ## - GENERAL NOTE
General note Pravdepodobne prel. zo španielčiny
650 07 - SUBJECT ADDED ENTRY--TOPICAL TERM
Topical term or geographic name entry element farmy
Source of heading or term SNKPH
650 07 - SUBJECT ADDED ENTRY--TOPICAL TERM
Topical term or geographic name entry element zvieratá
Source of heading or term SNKPH
650 07 - SUBJECT ADDED ENTRY--TOPICAL TERM
Topical term or geographic name entry element Farms
Source of heading or term SNKPHeng
650 07 - SUBJECT ADDED ENTRY--TOPICAL TERM
Topical term or geographic name entry element Animals
Source of heading or term SNKPHeng
655 #7 - INDEX TERM--GENRE/FORM
Genre/form data or focus term publikácie pre deti
Source of term SNKPH
655 #7 - INDEX TERM--GENRE/FORM
Genre/form data or focus term Children’s literature
Source of term SNKPHeng
700 1# - ADDED ENTRY--PERSONAL NAME
Personal name Arredondo, Francisco
Relationship ill
700 1# - ADDED ENTRY--PERSONAL NAME
Personal name Zubácka, Katarína
Relationship trl
910 ## - USER-OPTION DATA (OCLC)
User-option data sllk
910 ## - USER-OPTION DATA (OCLC)
User-option data vthk
910 ## - USER-OPTION DATA (OCLC)
User-option data snk
910 ## - USER-OPTION DATA (OCLC)
User-option data bpksh
910 ## - USER-OPTION DATA (OCLC)
User-option data totk
910 ## - USER-OPTION DATA (OCLC)
User-option data pokpoh
910 ## - USER-OPTION DATA (OCLC)
User-option data hevk
942 ## - ADDED ENTRY ELEMENTS (KOHA)
Source of classification or shelving scheme Dewey Decimal Classification
Koha item type Krásna literatúra pre deti
Suppress in OPAC No
949 ## - LOCAL PROCESSING INFORMATION (OCLC)
6 17A0643802
a snkSB 78962
b snk2010/2053
o 114/10
949 ## - LOCAL PROCESSING INFORMATION (OCLC)
6 17A0643803
a snkSB 78962 D1
b snk2010/2055
o 114/10
949 ## - LOCAL PROCESSING INFORMATION (OCLC)
6 3869A19476
a bpksh636
b bpksh57698
949 ## - LOCAL PROCESSING INFORMATION (OCLC)
6 3869A14520
a bpksh636
b bpksh821-93
980 ## - EQUIVALENCE OR CROSS-REFERENCE-SERIES STATEMENT--PERSONAL NAME/TITLE [LOCAL, CANADA]
Personal name 636.1/.9
Holdings
Stav vyradenia Strata Poškodenie Spôsob nadobudnutia Domovská knižnica Aktuálna knižnica Dátum nadobudnutia Total checkouts Čiarový kód exemplára Date last seen Typ exemplára
      Dar Mestská knižnica Turany Mestská knižnica Turany 24.04.2026   4712401348 24.04.2026 Krásna literatúra pre deti
      Dar Obecná knižnica Turčianska Štiavnička Obecná knižnica Turčianska Štiavnička 02.03.2026   4738000175 02.03.2026 Krásna literatúra pre deti
Projekt je podporený Slovenskou asociáciou knižníc
Prevádzkuje Turčianska knižnica Martin 2026